JHARKHAND BAR COUNCIL JOURNAL 2019 [1] (Record no. 7350)

MARC details
000 -LEADER
fixed length control field 00339nam a22001337a 4500
005 - DATE AND TIME OF LATEST TRANSACTION
control field 20200620094502.0
008 - FIXED-LENGTH DATA ELEMENTS--GENERAL INFORMATION
fixed length control field 200620b xxu||||| |||| 00| 0 eng d
082 ## - DEWEY DECIMAL CLASSIFICATION NUMBER
Classification number 307.121 JBCJ
245 ## - TITLE STATEMENT
Title JHARKHAND BAR COUNCIL JOURNAL 2019 [1]
260 ## - PUBLICATION, DISTRIBUTION, ETC. (IMPRINT)
Place of publication RANCHI
Name of publisher JSBC , RANCHI [JHARKHAND]
300 ## - PHYSICAL DESCRIPTION
Number of Pages 832;p
650 ## - SUBJECT ADDED ENTRY--TOPICAL TERM
Topical Term LAW
942 ## - ADDED ENTRY ELEMENTS (KOHA)
Koha item type Journals/Serial

No items available.